Les pays qui visitent l'Ukraine le plus - Statistiques

Statistiques générales
  • Ce quiz a été pris 341 fois
  • Le résultat moyen est 7 sur 10
Statistiques - réponses
No.visiteurs Pays % Correct
1.5 million Russie
100%
1.2 million Pologne
90%
1.8 million Biélorussie
86%
0.2 million Allemagne
83%
0.8 million Roumanie
83%
4.3 million Moldavie
75%
1.3 million Hongrie
70%
0.2 million Turquie
66%
0.4 million Slovaquie
61%
0.2 million Israel
7%
Aucun quiz correspondant
Distribution des résultats
% des personnes avec chaque résultat
Percentile par nombre de réponses
Votre historique - résultats
Vous n’avez pas pris ce quiz